Statistics for Most Guessed General Knowledge Questions #1

Click here to take the quiz!

General Stats

  • This quiz has been taken 46 times
  • The average score is 17 of 20

Answer Stats

QuestionAnswer% Correct
Which language has these letters: Δ, Φ, Ω?Greek
100%
What is the second most common language in the United States?Spanish
95%
What shape are SpongeBob's pants?Square
95%
What does the F in UFO stand for?Flying
93%
Who founded Facebook?Mark Zuckerberg
93%
What type of animal stereotypically rests on the shoulder of a pirate?Parrot
93%
What, primarily, do giant pandas eat?Bamboo
90%
Which country has won the most men's soccer World Cups?Brazil
90%
Who recorded the song "Poker Face"?Lady Gaga
90%
In what language was Catholic mass always delivered, until the 1960s?Latin
90%
What is Dwayne Johnson better known as?The Rock
88%
Luke, who is your father?Darth Vader
86%
What type of weapon does Thor carry?Hammer
83%
What makes bread rise?Yeast
83%
What is the coldest country in South America by average annual temperature?Chile
81%
Who lived at Camelot?King Arthur
81%
Throughout most of the Harry Potter books, who was the headmaster at Hogwarts?Albus Dumbledore
79%
What is the hardest material that is naturally-occurring on Earth?Diamond
76%
In what country did fortune cookies originate?United States
76%
What Starbucks size, larger than a grande, is also the Italian word for "twenty"?Venti
62%

Score Distribution

Percentile by Number Answered

Percent of People with Each Score

Your Score History

You have not taken this quiz